00375nam a2200121Ia 4500008004100000245002900041245002100070260000900091650001300100856004800113999001900161952007300180171211s9999 xx 000 0 und d aPersonal Time Management cMarion E. Haynes c2000 xBUSINESS uhttp://down.ebook777.com/062/1560525851.pdf c349485d349485 001040aCLbCLd2017-12-11l0r2017-12-11 00:00:00w2017-12-11yCBE